| 000 | 01195cam a22002651i 4500 | ||
|---|---|---|---|
| 003 | SA-RiAUC | ||
| 005 | 20250425121048.0 | ||
| 008 | 250425s1981 ua g 00000 ara c | ||
| 040 |
_aSD-KhNU _bara _cSA-RiAUC _erda |
||
| 082 | 0 | 4 | _a415.1 |
| 090 |
_a415.1 _bع ب د |
||
| 100 | 1 |
_aعبد القادر البغدادي، عبد القادر بن عمر البغدادي، _d1030-1093 هجري _eمؤلف. |
|
| 245 | 1 | 0 |
_aخزانة الأدب ولب لباب لسان العرب / _cتأليف عبد القادر بن عمر البغدادي ؛ تحقيق وشرح عبد السلام محمد هارون. |
| 264 | 1 |
_aالقاهرة : _bمكتبة الخانجي، _c1981 |
|
| 300 |
_a9 مجلد (599 صفحة ) ؛ _c24 سم |
||
| 336 |
_aنص _btxt _2rdacontent _3كتاب |
||
| 337 |
_aبدون وسيط _bn _2rdamedia |
||
| 338 |
_aمجلد _bnc _2rdacarrier |
||
| 650 | 7 |
_aاللغة العربية _xنحو _2aucsh |
|
| 700 | 1 |
_aهارون، عبد السلام محمد، _d1909-1988 _eمحقق. |
|
| 700 | 1 | 2 |
_aابن منظور، محمد بن مكرم بن علي، _d630-711 هجري |
| 740 | 0 | 2 | _aلسان العرب. |
| 942 |
_2ddc _cBOOK |
||
| 949 |
_aSA-JeALM _d250425 _ukhaled123 _n1 |
||
| 999 |
_c7327 _d7327 |
||